[Event "Kazan RUS"]
[Site "?"]
[Date "2006.06.05"]
[Round "5"]
[White "Khismatullin Denis"]
[Black "Kornev Alexei"]
[Result "0-1"]
[WhiteElo "2584"]
[BlackElo "2575"]
[PlyCount "124"]
[EventDate "2006.??.??"]
[Source "www.chesslib.no"]
[SourceDate "2004.05.04"]

1. c4 g6 2. d4 Nf6 3. g3 Bg7 4. Bg2 O-O 5. Nc3 c5 6. Nf3 cxd4 7. Nxd4 Nc6 8. O-O d6 9. e3 Bg4 10. Qa4 Bd7 11. Nxc6 Bxc6 12. Bxc6 bxc6 13. Qxc6 Rc8 14. Qa6 Qd7 15. Bd2 Rc6 16. Qb5 Rfc8 17. Nd5 a6 18. Qb3 Qh3 19. Nf4 Qf5 20. Rac1 Ne4 21. Be1 Ng5 22. f3 Nh3+ 23. Nxh3 Qxh3 24. Rf2 d5 25. Rfc2 Qf5 26. Kg2 Rf6 27. Rf2 Rfc6 28. Rfc2 Rf6 29. f4 Qe4+ 30. Kg1 d4 31. exd4 Rb6 32. Qa3 Bxd4+ 33. Bf2 e5 34. fxe5 Qxe5 35. b3 Rf6 36. Rf1 Rcc6 37. Qc1 h5 38. Qe1 Qc5 39. b4 Rxf2 40. bxc5 Rxc2+ 41. Kh1 Re6 42. Qa5 Kg7 43. Qd8 Bf6 44. Qd5 Ree2 45. Rd1 h4 46. gxh4 Rxh2+ 47. Kg1 Rxh4 48. Rd2 Rc1+ 49. Kg2 Rg4+ 50. Kf3 Rgxc4 51. Qd6 a5 52. Rd5 R4c3+ 53. Ke2 R1c2+ 54. Rd2 Rxc5 55. Qb6 Bg5 56. Rxc2 Rxc2+ 57. Kf3 Rxa2 58. Qb3 Ra1 59. Kg2 Bf6 60. Qd5 a4 61. Qa5 a3 62. Qd5 a2 0-1

[Event "Katrineholm"]
[Site "Katrineholm"]
[Date "1999.05.18"]
[Round "7"]
[White "Gavrikov, Viktor"]
[Black "Andersson, Ulf"]
[Result "1/2-1/2"]
[WhiteElo "2532"]
[BlackElo "2623"]
[PlyCount "60"]
[EventDate "1999.05.??"]
[Source "ChessBase"]
[SourceDate "1999.08.01"]

1. Nf3 Nf6 2. c4 c5 3. Nc3 g6 4. d4 cxd4 5. Nxd4 Nc6 6. g3 Bg7 7. Bg2 O-O 8. O-O Nxd4 9. Qxd4 d6 10. Qd3 Nd7 11. Qc2 Rb8 12. Bg5 h6 13. Be3 b6 14. Rac1 Ne5 15. b3 Bb7 16. h3 Bxg2 17. Kxg2 Qc8 18. Qd2 Qb7+ 19. Kh2 Kh7 20. Nd5 Nc6 21. Rfd1 Rfd8 22. f3 Rd7 23. Bf2 Rbd8 24. Qf4 Rf8 25. Be3 Qa8 26. Nc3 Nd8 27. Bd2 Ne6 28. Qe3 Nc7 29. Be1 e6 30. Ne4 d5 1/2-1/2

[Event "6. EICC"]
[Site "?"]
[Date "2005.06.30"]
[Round "12"]
[White "Dautov Rustem"]
[Black "Gritsak Orest"]
[Result "0-1"]
[WhiteElo "2609"]
[BlackElo "2537"]
[PlyCount "68"]
[EventDate "2005.??.??"]
[Source "www.chesslib.no"]
[SourceDate "2004.05.04"]

1. d4 Nf6 2. c4 g6 3. g3 Bg7 4. Bg2 c5 5. Nf3 O-O 6. Nc3 Nc6 7. O-O cxd4 8. Nxd4 Ng4 9. e3 d6 10. b3 a6 11. Bb2 Nxd4 12. exd4 Nh6 13. Qd2 Nf5 14. Ne4 e6 15. d5 Bxb2 16. Qxb2 e5 17. Qa3 h5 18. c5 dxc5 19. Qxc5 b6 20. Qc6 Ra7 21. Rad1 f6 22. h3 Nd4 23. Qc4 f5 24. Nd2 Rc7 25. Qb4 f4 26. d6 Rc2 27. Rfe1 a5 28. Qa3 fxg3 29. fxg3 Qg5 30. Ne4 Bb7 31. d7 Bxe4 32. Rxe4 Rff2 33. d8=Q+ Qxd8 34. Bh1 Qf6 0-1

[Event "Budapest zt-A"]
[Site "Budapest"]
[Date "1993.??.??"]
[Round "3"]
[White "Georgiev, Kiril"]
[Black "Gdanski, Jacek"]
[Result "1/2-1/2"]
[WhiteElo "2660"]
[BlackElo "2480"]
[PlyCount "57"]
[EventDate "1993.03.??"]
[Source "ChessBase"]

1. Nf3 Nf6 2. c4 c5 3. Nc3 Nc6 4. g3 g6 5. Bg2 Bg7 6. d4 cxd4 7. Nxd4 O-O 8. O-O Nxd4 9. Qxd4 d6 10. Qd3 a6 11. Bd2 Rb8 12. Rac1 Nd7 13. b3 Nc5 14. Qe3 b5 15. Nd5 Be6 16. Rfd1 Bxd5 17. cxd5 b4 18. Bh3 a5 19. Rc4 Rb5 20. Rdc1 Qb8 21. Bg4 Qa7 22. h4 Rfb8 23. h5 a4 24. h6 Bf8 25. R4c2 Ra5 26. Rc4 Rab5 27. R4c2 Ra5 28. Rc4 Rab5 29. R4c2 1/2-1/2

[Event "New York Open"]
[Site "New York, NY USA"]
[Date "1991.??.??"]
[Round "7"]
[White "Frias Pablaza, Victor J"]
[Black "Epishin, Vladimir V"]
[Result "1/2-1/2"]
[WhiteElo "2520"]
[BlackElo "2620"]
[PlyCount "55"]
[EventDate "1991.03.??"]
[Source "www.chesslib.no"]
[SourceDate "2004.05.04"]

1. Nf3 Nf6 2. c4 g6 3. g3 Bg7 4. Bg2 O-O 5. O-O c5 6. Nc3 Nc6 7. d4 cxd4 8. Nxd4 Ng4 9. Nb3 d6 10. Nd5 a5 11. a4 Nge5 12. Nd2 e6 13. Nc3 Nb4 14. Qb3 Qc7 15. Nb5 Qc5 16. Ne4 Qxc4 17. Qxc4 Nxc4 18. Nexd6 Nxb2 19. Bxb2 Bxb2 20. Rab1 Bf6 21. Nxb7 Bxb7 22. Bxb7 Rab8 23. Bf3 Rfc8 24. Rfc1 Nd5 25. Rxc8+ Rxc8 26. Nd6 Rd8 27. Bxd5 Rxd6 28. Bc4 1/2-1/2

[Event "6. EICC Qualification"]
[Site "?"]
[Date "2005.07.02"]
[Round "2"]
[White "Dizdar Goran"]
[Black "Macieja Bartlomiej"]
[Result "0-1"]
[WhiteElo "2524"]
[BlackElo "2613"]
[PlyCount "108"]
[EventDate "2005.??.??"]
[Source "www.chesslib.no"]
[SourceDate "2004.05.04"]

1. Nf3 c5 2. c4 Nc6 3. Nc3 Nf6 4. g3 g6 5. Bg2 Bg7 6. d4 cxd4 7. Nxd4 O-O 8. O-O Nxd4 9. Qxd4 d6 10. Qd3 a6 11. Bf4 Bf5 12. Qd2 Qd7 13. Bg5 Be6 14. b3 Bh3 15. Rac1 Bxg2 16. Kxg2 Rab8 17. f3 Rfc8 18. Rfd1 Qf5 19. e4 Qa5 20. Bxf6 Bxf6 21. Nd5 Qxd2+ 22. Rxd2 Kg7 23. f4 Rc6 24. h4 h5 25. Kf3 Rbc8 26. Rcc2 e6 27. Nb4 R6c7 28. Nd3 b5 29. Nb2 Rc6 30. Rd3 Bxb2 31. Rxb2 bxc4 32. bxc4 Rxc4 33. Rxd6 Rc3+ 34. Kf2 Ra3 35. Rdb6 Rc4 36. e5 Rca4 37. Rb7 Rxa2 38. Rxa2 Rxa2+ 39. Kg1 a5 40. Ra7 a4 41. Kf1 a3 42. Ra8 f5 43. Kg1 Kf7 44. Ra6 Ke7 45. Ra7+ Kd8 46. Ra6 Kc7 47. Kf1 Kb7 48. Ra4 Kc6 49. Ke1 Kb5 50. Ra8 Kb4 51. Kd1 Rg2 52. Kc1 a2 53. Rb8+ Kc3 54. Rc8+ Kd3 0-1

[Event "JUG Cup"]
[Site "Ulcinj"]
[Date "1998.??.??"]
[Round "2"]
[White "Stojanovic, Mihajlo"]
[Black "Khalifman, Alexander"]
[Result "1/2-1/2"]
[WhiteElo "2475"]
[BlackElo "2660"]
[PlyCount "81"]
[EventDate "1998.??.??"]
[Source "www.chesslib.no"]
[SourceDate "2004.05.04"]

1. c4 Nf6 2. Nc3 c5 3. g3 g6 4. Bg2 Bg7 5. Nf3 O-O 6. d4 cxd4 7. Nxd4 Nc6 8. O-O Ng4 9. e3 d6 10. b3 Nxd4 11. exd4 Nh6 12. Bb2 Nf5 13. Nd5 Rb8 14. a4 Bd7 15. b4 Bc6 16. Qd3 e6 17. Ne3 Nxe3 18. fxe3 f5 19. b5 Bxg2 20. Kxg2 Qd7 21. Rac1 Rbc8 22. Ba3 Rfd8 23. d5 e5 24. Rc2 e4 25. Qb3 b6 26. Bb2 Bxb2 27. Qxb2 Qg7 28. Qb4 Rc5 29. a5 Rdc8 30. axb6 axb6 31. Rfc1 Ra8 32. Qb3 Qa7 33. Qc3 Qg7 34. Qb3 Rc7 35. Ra2 Rxa2+ 36. Qxa2 Ra7 37. Qb3 Qc7 38. Rc2 Qc5 39. Qc3 Ra3 40. Qf6 Qxe3 41. Qe6+ 1/2-1/2

[Event "Hamburg GER"]
[Site "?"]
[Date "2006.06.11"]
[Round "9"]
[White "Landa Konstantin"]
[Black "Bobras Piotr"]
[Result "1/2-1/2"]
[WhiteElo "2600"]
[BlackElo "2535"]
[PlyCount "29"]
[EventDate "2006.??.??"]
[Source "www.chesslib.no"]
[SourceDate "2004.05.04"]

1. Nf3 Nf6 2. c4 c5 3. g3 Nc6 4. Bg2 g6 5. d4 cxd4 6. Nxd4 Bg7 7. Nc3 O-O 8. O-O Nxd4 9. Qxd4 d6 10. Qh4 Be6 11. Bg5 Qa5 12. Rac1 Rfc8 13. b3 Rab8 14. Bd2 a6 15. Rfd1 1/2-1/2

[Event "It (Men) Copenhagen DEN"]
[Site "?"]
[Date "2005.04.15"]
[Round "1"]
[White "Timman Jan Hein"]
[Black "Palo Davor"]
[Result "1-0"]
[WhiteElo "2607"]
[BlackElo "2525"]
[PlyCount "91"]
[EventDate "2005.??.??"]
[Source "www.chesslib.no"]
[SourceDate "2004.05.04"]

1. c4 c5 2. Nf3 Nc6 3. Nc3 Nf6 4. g3 g6 5. Bg2 Bg7 6. d4 cxd4 7. Nxd4 O-O 8. O-O Ng4 9. e3 d6 10. b3 Nge5 11. Bb2 Nxd4 12. exd4 Nc6 13. d5 Ne5 14. h3 a6 15. Qe2 Rb8 16. Rfe1 b5 17. c5 dxc5 18. Nxb5 Nf3+ 19. Bxf3 Bxb2 20. Qxb2 axb5 21. h4 Qd6 22. Re3 Bb7 23. h5 Rfd8 24. h6 Qf6 25. Qxf6 exf6 26. Rd1 Kf8 27. d6 Bxf3 28. Rxf3 f5 29. Rc3 Rbc8 30. Rd5 b4 31. Rcxc5 Rxc5 32. Rxc5 Rxd6 33. Kg2 Ra6 34. Rb5 Rxa2 35. Rxb4 Ra6 36. Rb8+ Ke7 37. Rh8 Kf6 38. Rxh7 Ra8 39. b4 g5 40. b5 Rf8 41. Rg7 g4 42. b6 Rh8 43. b7 Rb8 44. Kf1 Re8 45. f3 gxf3 46. g4 1-0

[Event "La Roda ESP"]
[Site "?"]
[Date "2005.03.23"]
[Round "1.5"]
[White "Suba Mihail"]
[Black "Korneev Oleg"]
[Result "1/2-1/2"]
[WhiteElo "2529"]
[BlackElo "2602"]
[PlyCount "95"]
[EventDate "2005.??.??"]
[Source "www.chesslib.no"]
[SourceDate "2004.05.04"]

1. Nf3 Nf6 2. c4 c5 3. Nc3 Nc6 4. g3 g6 5. d4 cxd4 6. Nxd4 Bg7 7. Bg2 O-O 8. O-O Nxd4 9. Qxd4 d6 10. Qd3 Nd7 11. b3 Nc5 12. Qd2 Qa5 13. Bb2 Bf5 14. Rfd1 Kh8 15. Nd5 Qxd2 16. Bxg7+ Kxg7 17. Rxd2 Rae8 18. b4 Ne4 19. Rd4 Nf6 20. Ne3 Be6 21. h4 Rc8 22. g4 h5 23. g5 Ng4 24. Nxg4 Bxg4 25. e3 Rc7 26. c5 dxc5 27. bxc5 Rxc5 28. Ra4 a5 29. Rb1 Bd7 30. Rd4 Bc6 31. Bxc6 bxc6 32. Rb7 e5 33. Rd2 Rc4 34. Re7 Rxh4 35. Rxe5 Rg4+ 36. Kh2 Ra4 37. f4 Rb8 38. Re7 Rab4 39. Rdd7 Rb2+ 40. Kg3 Rf8 41. a4 Rb4 42. Rc7 Rxa4 43. Rxc6 Rb4 44. Ra6 a4 45. Raa7 Kg8 46. Kf3 Rc4 47. Kg3 Rb4 48. Kf3 1/2-1/2

[Event "Lloyds Bank Open"]
[Site "London ENG"]
[Date "1994.??.??"]
[Round "8"]
[White "Yermolinsky, Alex"]
[Black "Arkell, Keith C"]
[Result "1-0"]
[WhiteElo "2620"]
[BlackElo "2500"]
[PlyCount "111"]
[EventDate "1994.08.??"]
[Source "www.chesslib.no"]
[SourceDate "2004.05.04"]

1. Nf3 Nf6 2. c4 c5 3. Nc3 Nc6 4. g3 g6 5. Bg2 Bg7 6. O-O O-O 7. d4 cxd4 8. Nxd4 Nxd4 9. Qxd4 d6 10. Qd3 Nd7 11. b3 a6 12. Be3 Nc5 13. Qd2 Rb8 14. Rfd1 Bf5 15. Rac1 Re8 16. Nd5 b5 17. cxb5 axb5 18. Bxc5 dxc5 19. Rxc5 e6 20. Ne3 Qxd2 21. Rxd2 Bf8 22. Rc6 Red8 23. Rxd8 Rxd8 24. a4 bxa4 25. bxa4 Rb8 26. Nxf5 gxf5 27. a5 Rb5 28. a6 Ra5 29. Bf3 Kg7 30. e3 Kf6 31. Kf1 Ra2 32. Bd1 h6 33. Bb3 Ra3 34. Bc4 Ra5 35. Ke2 Bb4 36. Rb6 Bc5 37. Rb7 Ra4 38. Kd3 Ra3+ 39. Kc2 Ra4 40. Kb3 Ra3+ 41. Kb2 Ra5 42. Be2 Kg6 43. h4 h5 44. Kb3 e5 45. Kc4 f4 46. gxf4 exf4 47. Rb5 Rxb5 48. Kxb5 Ba7 49. Bd3+ Kf6 50. exf4 Bxf2 51. Kc6 Ke6 52. Be4 Bg1 53. Kb7 Kd6 54. a7 Bxa7 55. Kxa7 Kc5 56. f5 1-0

[Event "Zone 1.9"]
[Site "Donetsk UKR"]
[Date "1998.11.03"]
[Round "2"]
[White "Romanishin, O."]
[Black "Neverov, V."]
[Result "1/2-1/2"]
[WhiteElo "2600"]
[BlackElo "2515"]
[PlyCount "61"]
[EventDate "1998.??.??"]
[Source "www.chesslib.no"]
[SourceDate "2004.05.04"]

1. Nf3 Nf6 2. c4 g6 3. Nc3 Bg7 4. g3 O-O 5. Bg2 c5 6. O-O Nc6 7. d4 cxd4 8. Nxd4 Nxd4 9. Qxd4 d6 10. Qd3 Be6 11. Bd2 Qc8 12. b3 Bh3 13. Rad1 Bxg2 14. Kxg2 a6 15. a4 b6 16. Bg5 Qb7+ 17. Kg1 Rfe8 18. Rc1 Nd7 19. Be3 Nc5 20. Qb1 Rec8 21. Rfd1 Bxc3 22. Rxc3 Ne4 23. Rcc1 b5 24. Rd4 Nc5 25. cxb5 axb5 26. Rb4 Ra5 27. Qc2 Qd7 28. axb5 Rxb5 29. Rxb5 Qxb5 30. Qc4 Rb8 31. Bxc5 1/2-1/2

[Event "Vinkovci CRO"]
[Site "Vinkovci CRO"]
[Date "1993.??.??"]
[Round "6"]
[White "Cvitan, Ognjen"]
[Black "Hulak, Krunoslav"]
[Result "1/2-1/2"]
[WhiteElo "2575"]
[BlackElo "2540"]
[PlyCount "22"]
[EventDate "1993.??.??"]
[Source "www.chesslib.no"]
[SourceDate "2004.05.04"]

1. Nf3 Nf6 2. c4 c5 3. g3 g6 4. Bg2 Bg7 5. O-O O-O 6. Nc3 Nc6 7. d4 d5 8. cxd5 Na5 9. Nd2 a6 10. Qc2 e5 11. e4 b5 1/2-1/2

[Event "Ptuj"]
[Site "Ptuj"]
[Date "1995.??.??"]
[Round "6"]
[White "Hulak, Krunoslav"]
[Black "Cebalo, Miso"]
[Result "1-0"]
[WhiteElo "2545"]
[BlackElo "2570"]
[PlyCount "95"]
[EventDate "1995.??.??"]
[Source "www.chesslib.no"]
[SourceDate "2004.05.04"]

1. d4 Nf6 2. g3 c5 3. Nf3 cxd4 4. Nxd4 Nc6 5. Bg2 g6 6. O-O Bg7 7. c4 O-O 8. Nc3 Nxd4 9. Qxd4 d6 10. Qd3 a6 11. Bd2 Rb8 12. a4 Be6 13. b3 Nd7 14. Rab1 Ne5 15. Qc2 Qd7 16. a5 Bh3 17. f4 Bxg2 18. Kxg2 Qc6+ 19. e4 Nd7 20. Nd5 Rfe8 21. Nb4 Qc7 22. Qd3 e6 23. Rfd1 Nc5 24. Qf3 Red8 25. Be1 Rbc8 26. Nd3 Nd7 27. Nf2 b6 28. axb6 Qxb6 29. h4 h5 30. Nd3 Nf6 31. Bf2 Qc7 32. Rbc1 Ng4 33. b4 Qd7 34. Bg1 Qc6 35. c5 dxc5 36. bxc5 a5 37. e5 Rd5 38. Nb2 Rcd8 39. Nc4 a4 40. Nd6 Ra8 41. Rxd5 exd5 42. Bd4 Bf8 43. f5 Bxd6 44. fxg6 fxg6 45. exd6 Rf8 46. Qd3 Kh7 47. Re1 Rf7 48. Re6 1-0

[Event "Jyvaskyla Open"]
[Site "Jyvaskyla FIN"]
[Date "1991.??.??"]
[Round "4"]
[White "King, Daniel J"]
[Black "Ruban, Vadim"]
[Result "1/2-1/2"]
[WhiteElo "2545"]
[BlackElo "2570"]
[PlyCount "59"]
[EventDate "1991.??.??"]
[Source "www.chesslib.no"]
[SourceDate "2004.05.04"]

1. c4 c5 2. g3 g6 3. Bg2 Bg7 4. Nc3 Nc6 5. Nf3 Nf6 6. d4 cxd4 7. Nxd4 Nxd4 8. Qxd4 d6 9. O-O O-O 10. Qd3 Bf5 11. e4 Be6 12. Bd2 Nd7 13. Qe2 a6 14. b3 Qb8 15. a4 Nc5 16. Rab1 Rc8 17. Nd5 Bxd5 18. exd5 b5 19. axb5 axb5 20. b4 Na4 21. Rfc1 bxc4 22. Rxc4 Rxc4 23. Qxc4 Nb6 24. Qe4 Bf6 25. Be3 Na4 26. Qc4 Nc3 27. Re1 Na2 28. Rb1 Nc3 29. Re1 Na2 30. Rb1 1/2-1/2

[Event "Najdorf Festival op"]
[Site "Buenos Aires"]
[Date "1998.10.30"]
[Round "7"]
[White "Tregubov, Pavel V"]
[Black "Milos, Gilberto"]
[Result "1-0"]
[WhiteElo "2535"]
[BlackElo "2575"]
[PlyCount "77"]
[EventDate "1998.10.??"]
[Source "ChessBase"]
[SourceDate "1999.01.01"]

1. d4 Nf6 2. c4 g6 3. g3 c5 4. Nf3 Bg7 5. Bg2 O-O 6. O-O cxd4 7. Nxd4 Nc6 8. Nc3 Nxd4 9. Qxd4 d6 10. Qd3 Qa5 11. h3 Bd7 12. Bd2 Rfb8 13. Rac1 Bc6 14. e4 Nd7 15. Qe2 Qd8 16. Rfd1 a6 17. b4 b5 18. c5 dxc5 19. bxc5 Rc8 20. Nd5 Bxd5 21. exd5 Rxc5 22. Rxc5 Nxc5 23. d6 exd6 24. Bxa8 Qxa8 25. Bf4 Ne4 26. Qd3 h5 27. Bxd6 Nc3 28. Rd2 a5 29. Bc7 a4 30. Qe3 Qc6 31. Rd8+ Kh7 32. Be5 Qe6 33. Bxg7 Qxe3 34. fxe3 Kxg7 35. a3 Kf6 36. Rd3 Nb1 37. Kf2 Ke5 38. Kf3 g5 39. e4 1-0

[Event "Haninge"]
[Site "Haninge"]
[Date "1990.??.??"]
[Round "3"]
[White "Ftacnik, Lubomir"]
[Black "Wojtkiewicz, Aleksander"]
[Result "1/2-1/2"]
[WhiteElo "2560"]
[BlackElo "2550"]
[PlyCount "45"]
[EventDate "1990.05.??"]
[Source "ChessBase"]

1. Nf3 c5 2. c4 Nf6 3. Nc3 Nc6 4. g3 g6 5. Bg2 Bg7 6. d4 cxd4 7. Nxd4 O-O 8. O-O Nxd4 9. Qxd4 d6 10. Qd3 a6 11. Be3 Ng4 12. Bd4 Ne5 13. Qd1 Rb8 14. a4 Be6 15. Nd5 Bxd5 16. Bxd5 Nc6 17. Bxg7 Kxg7 18. Qd2 Qa5 19. Qxa5 Nxa5 20. b4 Nc6 21. Rab1 Rfc8 22. Rfc1 e6 23. Bxc6 1/2-1/2

[Event "Yerevan"]
[Site "Erevan ARM"]
[Date "1976.??.??"]
[Round "?"]
[White "Tukmakov, Vladimir B"]
[Black "Smejkal, Jan"]
[Result "1/2-1/2"]
[WhiteElo "2490"]
[BlackElo "2615"]
[PlyCount "116"]
[EventDate "1976.??.??"]
[Source "www.chesslib.no"]
[SourceDate "2004.05.04"]

1. c4 c5 2. Nf3 Nf6 3. Nc3 Nc6 4. g3 g6 5. d4 cxd4 6. Nxd4 Nxd4 7. Qxd4 Bg7 8. Qd3 O-O 9. Bg2 d6 10. O-O a6 11. Be3 Ng4 12. Bd4 Ne5 13. Qd1 Rb8 14. Rc1 Be6 15. Nd5 b5 16. cxb5 Bxd5 17. Bxd5 Rxb5 18. Bg2 Qa5 19. a3 Ng4 20. b4 Qxa3 21. Ra1 Qxb4 22. Bxg7 Kxg7 23. Ra4 Nxf2 24. Qa1+ Qb2 25. Kxf2 Qxa1 26. Rfxa1 a5 27. Rxa5 Rxa5 28. Rxa5 Rc8 29. g4 h6 30. h4 Rc4 31. Kg3 Rc3+ 32. Bf3 Kf6 33. g5+ hxg5 34. hxg5+ Kg7 35. Ra7 Kf8 36. Ra8+ Kg7 37. Re8 Rc7 38. Kf4 Rc4+ 39. Ke3 e6 40. Rd8 d5 41. Kf2 Ra4 42. Kg3 Rb4 43. Ra8 Rc4 44. Ra1 Rb4 45. Rf1 Ra4 46. Bg4 Rc4 47. Rf4 Rc3+ 48. Kf2 Rc5 49. Bf3 Ra5 50. Kg3 Ra1 51. Rb4 Rg1+ 52. Kf4 Ra1 53. Ke5 Rg1 54. Bg4 Rg3 55. Ra4 Re3+ 56. Kd6 Rg3 57. Rf4 Ra3 58. Rb4 Rg3 1/2-1/2

[Event "Calcutta"]
[Site "?"]
[Date "1992.??.??"]
[Round "?"]
[White "Georgiev, Kir"]
[Black "Gufeld, E."]
[Result "1-0"]
[WhiteElo "2605"]
[BlackElo "2490"]
[PlyCount "99"]
[EventDate "1992.??.??"]
[Source "ChessBase"]
[SourceDate "1992.02.01"]

1. d4 Nf6 2. c4 g6 3. Nf3 Bg7 4. g3 O-O 5. Bg2 c5 6. Nc3 cxd4 7. Nxd4 Nc6 8. O-O Nxd4 9. Qxd4 d6 10. Qd3 a6 11. Bd2 Rb8 12. Rac1 b5 13. cxb5 axb5 14. Nxb5 Bf5 15. e4 Nxe4 16. Bxe4 Bxe4 17. Qxe4 Rxb5 18. b4 d5 19. Qd3 Qd7 20. a4 Rbb8 21. b5 e5 22. Rc6 e4 23. Qc2 Rfe8 24. Bf4 Ra8 25. b6 d4 26. Rc7 Qf5 27. b7 Rad8 28. Rc5 Qd7 29. Rb5 e3 30. fxe3 dxe3 31. Qe2 Rb8 32. Bxb8 Rxb8 33. Rfb1 h5 34. a5 h4 35. gxh4 Bd4 36. R1b4 Ba7 37. Rb1 Qc6 38. R5b4 Kh7 39. h5 g5 40. Rc4 Qd5 41. a6 Qe6 42. Rc7 Rd8 43. Rf1 Rd7 44. Rxd7 Qxd7 45. Kh1 Kh6 46. Qf3 Kg7 47. h6+ Kf8 48. h7 Kg7 49. Qxf7+ Qxf7 50. Rxf7+ 1-0

[Event "CRO-chT2"]
[Site "Medulin"]
[Date "1997.??.??"]
[Round "?"]
[White "Stohl, Igor"]
[Black "Delchev, Aleksander"]
[Result "1/2-1/2"]
[WhiteElo "2580"]
[BlackElo "2515"]
[PlyCount "31"]
[EventDate "1997.??.??"]
[Source "www.chesslib.no"]
[SourceDate "2004.05.04"]

1. d4 Nf6 2. Nf3 g6 3. c4 Bg7 4. g3 c5 5. Bg2 cxd4 6. Nxd4 O-O 7. Nc3 Nc6 8. O-O Ng4 9. e3 d6 10. Nde2 Qa5 11. Nd5 Rb8 12. Bd2 Qd8 13. h3 Nge5 14. b3 e6 15. Ndc3 d5 16. cxd5 1/2-1/2

[Event "HUN-chT2 9394"]
[Site "HUN"]
[Date "1994.??.??"]
[Round "?"]
[White "Loginov, Valery A"]
[Black "Leko, Peter"]
[Result "1/2-1/2"]
[WhiteElo "2540"]
[BlackElo "2545"]
[PlyCount "263"]
[EventDate "1993.??.??"]
[Source "www.chesslib.no"]
[SourceDate "2004.05.04"]

1. Nf3 c5 2. g3 Nc6 3. c4 g6 4. Bg2 Bg7 5. Nc3 Nf6 6. d4 cxd4 7. Nxd4 O-O 8. O-O Ng4 9. e3 d6 10. b3 Nxd4 11. exd4 Nh6 12. Bd2 Rb8 13. d5 a6 14. a4 Bd7 15. a5 b5 16. axb6 Qxb6 17. Ra3 Nf5 18. Ne4 Bb2 19. Ba5 Qa7 20. Ra2 Be5 21. b4 Rfc8 22. c5 dxc5 23. bxc5 Rxc5 24. Nxc5 Qxc5 25. Qd2 Nd4 26. Qe3 Bf6 27. Rc1 Ne2+ 28. Rxe2 Qxa5 29. Rec2 Qb4 30. Rc7 Qd6 31. h4 h5 32. Qa7 Rd8 33. Bf3 Kg7 34. Kg2 Bb5 35. Rc8 Rxc8 36. Rxc8 Qe5 37. Qe3 Qd6 38. Ra8 Bc4 39. Qe4 Bb5 40. Qc2 Qd7 41. d6 exd6 42. Bd5 Ba4 43. Qe4 Bb5 44. Rb8 Qe7 45. Qf3 Qe5 46. Rb7 Be8 47. Ra7 a5 48. Rxa5 Bc6 49. Kh2 Bxd5 50. Rxd5 Qe6 51. Qd3 Be7 52. Rb5 Bf6 53. Kg2 Be7 54. Rb2 Bf6 55. Re2 Qd7 56. Qd5 Be7 57. Re3 Qc7 58. g4 hxg4 59. h5 gxh5 60. Qxh5 Qc6+ 61. Kg1 Bf6 62. Qxg4+ Kf8 63. Qf5 Be5 64. Rf3 Qc4 65. Kg2 Ke7 66. Qg5+ Ke8 67. Qf5 Ke7 68. Re3 Kf8 69. Ra3 Qd5+ 70. Qf3 Qe6 71. Ra8+ Kg7 72. Ra4 Kf8 73. Rg4 Ke7 74. Rg8 Qh6 75. Qb7+ Kf6 76. Qe4 Qh2+ 77. Kf1 Qh3+ 78. Ke2 Qh6 79. Qf3+ Ke7 80. Ra8 Qe6 81. Kf1 Qc4+ 82. Kg2 Qe6 83. Ra7+ Kf8 84. Qe4 Kg7 85. Kf1 Qb3 86. Qg4+ Kf6 87. Qh4+ Kg6 88. Ra4 Qd1+ 89. Kg2 f5 90. Qc4 Kf6 91. Ra8 Qg4+ 92. Qxg4 fxg4 93. Rg8 Kf5 94. Kf1 d5 95. Ke2 Bf6 96. Kd3 Be5 97. Ke3 Bf6 98. Rf8 Ke5 99. Ra8 Bg5+ 100. Kd3 Bf6 101. Ra7 Kf5 102. Rd7 Ke6 103. Rh7 Kf5 104. Rh5+ Bg5 105. Kd4 g3 106. fxg3 Kg4 107. Rh7 Kxg3 108. Kxd5 Kf3 109. Rf7+ Bf4 110. Kd4 Kg3 111. Ke4 Bd6 112. Rf3+ Kg2 113. Rd3 Bh2 114. Rd2+ Kh1 115. Kf3 Bc7 116. Rd1+ Kh2 117. Rd7 Be5 118. Re7 Bd6 119. Re6 Bb8 120. Rb6 Be5 121. Rb5 Bc7 122.  f2 Bg3+ 123. Kf3 Bc7 124. Rh5+ Kg1 125. Rg5+ Kh2 126. Rg2+ Kh1 127. Kf2 Bb6+ 128. Kf1 Bc7 129. Rg7 Bd6 130. Rg6 Be5 131. Rh6+ Bh2 132. Kf2 1/2-1/2

[Event "GM"]
[Site "Koszeg GM"]
[Date "1996.??.??"]
[Round "10"]
[White "Horvath, Csaba"]
[Black "Gyimesi, Zoltan"]
[Result "1/2-1/2"]
[WhiteElo "2540"]
[BlackElo "2545"]
[PlyCount "55"]
[EventDate "1996.??.??"]
[Source "www.chesslib.no"]
[SourceDate "2004.05.04"]

1. Nf3 Nf6 2. g3 c5 3. Bg2 Nc6 4. O-O g6 5. d4 cxd4 6. Nxd4 Bg7 7. c4 O-O 8. Nc3 Qb6 9. Nc2 d6 10. b3 Be6 11. Rb1 Rfc8 12. h3 a6 13. e4 Rab8 14. Bd2 Qd8 15. a4 Ne8 16. f4 Nc7 17. Na3 Bd7 18. Kh2 b6 19. Nd5 Nd4 20. Be3 Nxd5 21. cxd5 Nxb3 22. Qxb3 Rc3 23. Bxb6 Rxb3 24. Bxd8 Rxb1 25. Rxb1 Rxd8 26. Rb6 Bxa4 27. Rxa6 Bd7 28. Ra7 1/2-1/2

[Event "Amsterdam II"]
[Site "?"]
[Date "1990.??.??"]
[Round "?"]
[White "Hansen, Cu"]
[Black "Hellers, F."]
[Result "1-0"]
[WhiteElo "2560"]
[BlackElo "2520"]
[PlyCount "57"]
[EventDate "1990.??.??"]
[Source "ChessBase"]
[SourceDate "1990.07.01"]

1. c4 Nf6 2. Nc3 c5 3. g3 g6 4. Bg2 Bg7 5. Nf3 O-O 6. d4 cxd4 7. Nxd4 Nc6 8. O-O Ng4 9. e3 d6 10. b3 Nxd4 11. exd4 Nh6 12. Bd2 Nf5 13. d5 a6 14. a4 Bd7 15. Re1 Rb8 16. Bf1 Nd4 17. Ne4 e5 18. dxe6 Nxe6 19. Bb4 Bxa1 20. Qxa1 f5 21. Nxd6 Qb6 22. Ba3 Qd4 23. Qc1 f4 24. Rd1 Qb6 25. c5 Qxb3 26. Bc4 Qf3 27. Rd3 Qh5 28. Qe1 Qg4 29. f3 1-0

[Event "RUS-ch"]
[Site "Elista"]
[Date "1996.??.??"]
[Round "2"]
[White "Pigusov, Evgeny"]
[Black "Vasiukov, Evgeni"]
[Result "1-0"]
[WhiteElo "2570"]
[BlackElo "2505"]
[PlyCount "115"]
[EventDate "1996.10.15"]
[Source "ChessBase"]

1. Nf3 Nf6 2. c4 c5 3. Nc3 Nc6 4. g3 g6 5. Bg2 Bg7 6. d4 cxd4 7. Nxd4 O-O 8. O-O Nxd4 9. Qxd4 d6 10. Qd3 a6 11. Be3 Bf5 12. Qd2 Rb8 13. a4 Be6 14. b3 Qa5 15. Rac1 Rfc8 16. Rfd1 Nd7 17. Ba7 Nc5 18. Qc2 Ra8 19. Bxc5 Rxc5 20. Bxb7 Rb8 21. Bd5 Bf5 22. Be4 Bxc3 23. Bxf5 Rxf5 24. Qxc3 Qb6 25. Qe1 h5 26. Rc3 Rc5 27. e4 a5 28. h4 Qc7 29. Rd5 e6 30. Rd4 Rb6 31. Qe3 Kg7 32. Rdd3 Qb8 33. Qd4+ f6 34. Rf3 Qd8 35. Rcd3 Qe7 36. Rd2 Rcc6 37. Rfd3 Qc7 38. Rd1 Rb4 39. Qe3 Qb6 40. Qf4 e5 41. Qf3 Kf7 42. g4 hxg4 43. Qxg4 Ke7 44. Qxg6 Rxb3 45. Qg7+ Ke8 46. Qg6+ Ke7 47. Kg2 Rxd3 48. Rxd3 Qd8 49. Qh7+ Ke6 50. Rg3 Rc7 51. Qf5+ Kf7 52. Qh7+ Ke6 53. Qf5+ Kf7 54. Rg6 Rxc4 55. h5 d5 56. h6 Qh8 57. Rg7+ Qxg7+ 58. hxg7 1-0

[Event "1st Masters, Pinamar ARG"]
[Site "?"]
[Date "2001.??.??"]
[Round "9"]
[White "Giardelli, S."]
[Black "Andersson, U."]
[Result "0-1"]
[WhiteElo "2435"]
[BlackElo "2640"]
[PlyCount "100"]
[EventDate "2001.??.??"]
[Source "www.chesslib.no"]
[SourceDate "2004.05.04"]

1. c4 c5 2. g3 g6 3. Bg2 Bg7 4. Nc3 Nc6 5. Nf3 Nf6 6. d4 cxd4 7. Nxd4 O-O 8. O-O Nxd4 9. Qxd4 d6 10. Qd2 Be6 11. Bxb7 Rb8 12. Bg2 Bxc4 13. b3 Be6 14. Bb2 Qa5 15. Rfd1 Rfc8 16. Nd5 Qxd2 17. Nxf6+ Bxf6 18. Rxd2 Bxb2 19. Rxb2 a5 20. Rd2 Rb4 21. Bd5 Bxd5 22. Rxd5 a4 23. Rd3 Rc2 24. Kf1 Re4 25. e3 Rb4 26. h4 Rb2 27. bxa4 Rxa4 28. a3 Rc4 29. Kg2 Rcc2 30. Rf1 Ra2 31. Kf3 Rc5 32. g4 h5 33. Rg1 Kg7 34. gxh5 Rxh5 35. Rg4 Rf5+ 36. Rf4 Ra5 37. Re4 Kf6 38. Rf4+ Ke6 39. Rdd4 R2xa3 40. Rde4+ Re5 41. Rxe5+ dxe5 42. Rb4 f6 43. Rb7 Ra4 44. Kg3 f5 45. Rb6+ Kf7 46. Kh3 Rg4 47. f3 Rc4 48. Rb3 e4 49. fxe4 Rxe4 50. Ra3 Kg7 0-1